000 00580nam a2200193Ia 4500
005 20250508160218.0
008 008 250505s9999 xx 000 0 eng d
037 _aTextual
040 _aFEDL
_beng
_cFEDL
041 _aeng
_2eng
084 _a371.27, MON
_qFEDL
100 _aMonroe Walter S
245 0 _aWritten examinations and their improvement
260 _aUrbana
_bUniversity of Illinois Press
_c1922
300 _a71p
490 _aBureau of eduactional research colldge of education; 9
942 _cTEXL
_h371.27, MON
999 _c1362708
_d1362708